Wykorzystanie metody szlifowania materiałów ceramicznych w warunkach ciągliwego usuwania materiału do obróbki powierzchni tnącej ceramicznych płytek skrawających = (Rekord nr 7201)
| 000 -ETYKIETA REKORDU | |
|---|---|
| podpole kontrolne o stałej długości | 01730naa a22002657a 4500 |
| 001 - NUMER KONTROLNY REKORDU | |
| podpole kontrolne | 7201 |
| 003 - IDENTYFIKATOR NUMERU KONTROLNEGO REKORDU | |
| podpole kontrolne | KOSZ 005 |
| 005 - DATA OSTATNIEJ MODYFIKACJI REKORDU | |
| podpole kontrolne | 20190606151716.0 |
| 008 - POLE O STAŁEJ DŁUGOŚCI - DANE KONTROLNE | |
| podpole kontrolne o stałej długości | 141020b2010 pl a|||| |||| 10| 0 pol |
| 040 ## - ŹRÓDŁO KATALOGOWANIA | |
| Instytucja, która utworzyła rekord | BPP |
| Instytucja, która dokonała modyfikacji | KOSZ 005/EG |
| 041 ## - KOD JĘZYKA | |
| Kod języka tekstu | pol |
| Kod języka streszczenia lub abstraktu | eng |
| 044 ## - KOD KRAJU WYDAWCY/PRODUCENTA | |
| Kod kraju wydawcy/producenta | pl |
| 080 ## - UNIWERSALNA KLASYFIKACJA DZIESIĘTNA - UKD | |
| UKD | 621.92 |
| 100 1# - NAZWA OSOBOWA | |
| Nazwa osobowa | MUSIAŁ, Wojciech. |
| Lata pracy | 1997 - . |
| Instytucja | Politechnika Koszalińska - Wydział Mechaniczny, |
| Wydział | Katedra Inżynierii Produkcji |
| 245 10 - TYTUŁ/ODPOWIEDZIALNOŚĆ | |
| Tytuł | Wykorzystanie metody szlifowania materiałów ceramicznych w warunkach ciągliwego usuwania materiału do obróbki powierzchni tnącej ceramicznych płytek skrawających = |
| Ciąg dalszy tytułu | Utilization of ceramic materials ductile-regime grinding method to machining of cutting surfaces of ceramic tool insert / |
| Pozostałe elementy strefy tytułu i oznaczenia odpowiedzialności | Wojciech Musiał, Mariola Choromańska. |
| 500 ## - UWAGI OGÓLNE | |
| Tekst uwagi | Dane z autopsji. |
| 520 ## - UWAGA DOTYCZĄCA TREŚCI DOKUMENTU | |
| Analiza dokumentacyjna, adnotacja itp. | W artykule przedstawiono sposób obróbki krawędzi tnącej płytek ceramicznych w warunkach plastycznego płynięcia materiału obrabianego. W pracy przedstawiono projekty uchwytów obróbkowych umożliwiających kształtowanie poszczególnych krawędzi tnących płytek ceramicznych. Zaprezentowano również wstępne wyniki szlifowania ostrzy skrawających płytek ceramicznych. |
| 650 #0 - HASŁO PRZEDMIOTOWE W FORMIE NAZWY OGÓLNEJ LUB JEDNOSTKOWEJ | |
| Nazwa ogólna lub geograficzna | Płytki ceramiczne. |
| 650 #0 - HASŁO PRZEDMIOTOWE W FORMIE NAZWY OGÓLNEJ LUB JEDNOSTKOWEJ | |
| Nazwa ogólna lub geograficzna | Ostrza skrawające. |
| 655 #0 - TERMIN INDEKSOWY - OKREŚLENIE RODZAJU/FORMY DOKUMENTU | |
| Określnie rodzaju/formy dokumentu | Materiały konferencyjne. |
| 650 #0 - HASŁO PRZEDMIOTOWE W FORMIE NAZWY OGÓLNEJ LUB JEDNOSTKOWEJ | |
| Nazwa ogólna lub geograficzna | Szlifowanie |
| 700 1# - HASŁO DODATKOWE - NAZWA OSOBOWA | |
| Nazwa osobowa | CHOROMAŃSKA, Mariola. |
| Instytucja | Politechnika Koszalińska - Wydział Mechaniczny, |
| Wydział | Katedra Inżynierii Produkcji |
| 773 0# - TYTUŁ DOKUMENTU MACIERZYSTEGO | |
| Wyrażenie wprowadzające | W : |
| Tytuł | Podstawy i technika obróbki ściernej / pod red. A. Gołąbczaka i B. Kruszyńskiego. - |
| Adres wydawniczy | Łódź : Politechnika Łódzka, 2010. - |
| Informacje dotyczące relacji | s. 261-268 |
| Strefa serii | Monografia Wydziału Mechanicznego / Politechnika Łódzka |
| 942 ## - HASŁO DODATKOWE - ELEMENTY(KOHA) | |
| Typ dokumentu | Rozdział |
| Schemat klasyfikacji | Uniwersalna klasyfikacja dziesiętna |
| Wycofany | Zagubiony | Uszkodzony | Dostępność | Lokalizacja stała | Lokalizacja bieżąca | Sygnatura | Typ dokumentu |
|---|---|---|---|---|---|---|---|
| Dostępny | Bibliografia Prac Pracowników - BPK | Bibliografia Prac Pracowników - BPK | 104285 | Rozdział |
